Top 10 personnalités les plus riches au monde en 2025 - Statistiques

Statistiques générales
  • Ce quiz a été pris 37 fois
  • Le résultat moyen est 3 sur 10
Statistiques - réponses
Top Réponses % Correct
1 Elon Musk
100%
7 Bernard Arnault
65%
4 Jeff Bezos
61%
6 Mark Zuckerberg
35%
3 Larry Ellison
6%
2 Larry Page
6%
10 Warren Buffett
6%
8 Jensen Huang
3%
9 Michael Dell
3%
5 Sergey Brin
3%
Aucun quiz correspondant
Distribution des résultats
% des personnes avec chaque résultat
Percentile par nombre de réponses
Votre historique - résultats
Vous n’avez pas pris ce quiz